书目信息 |
| 题名: |
量、单位及其文字符号
|
|
| 作者: | ;国际电工委员会 编 | |
| 分册: | ||
| 出版信息: | 北京 技术标准出版社 1979 |
|
| 页数: | 213页 | |
| 开本: | 21cm | |
| 丛书名: | 国际电工委员会IEC标准译文集 | |
| 单 册: | ||
| 中图分类: | T-651 | |
| 科图分类: | ||
| 主题词: | 计量单位--标准 | |
| 电子资源: | ||
| ISBN: | ||
| 000 | 00736nam0 2200241 45 | |
| 001 | 0182011363 | |
| 005 | 20060722081054.48 | |
| 010 | @dCNY1.05 | |
| 091 | @a15169.3-146 | |
| 100 | @a19950622d1979 k y0chiy0121 ea | |
| 101 | 0 | @achi |
| 102 | @aCN@b110000 | |
| 105 | @ay l 000yy | |
| 200 | 10 | @a量、单位及其文字符号@f国际电工委员会编@Fguo ji dian gong wei yuan hui bian@Aliang、dan wei ji qi wen zi fu hao |
| 210 | @a北京@c技术标准出版社@d1979 | |
| 215 | @a213页@d21cm | |
| 225 | 2 | @a国际电工委员会IEC标准译文集 |
| 410 | 0 | @12001 @a国际电工委员会IEC标准译文集 |
| 606 | @a计量单位@x标准 | |
| 690 | @aT-651@v3 | |
| 711 | 0 | @a国际电工委员会@Aguo ji dian gong wei yuan hui@4编 |
| 801 | 2 | @aCN@bNLC@c20060722 |
| 905 | @dT-651@e76 | |
| 量、单位及其文字符号/国际电工委员会编.-北京:技术标准出版社,1979 |
| 213页;21cm.-(国际电工委员会IEC标准译文集) |
| ISBN :CNY1.05 |
| ● |
| 相关链接 |
|
|
|
|
正题名:量、单位及其文字符号
索取号:T-651/76
 
预约/预借
| 序号 | 登录号 | 条形码 | 馆藏地/架位号 | 状态 | 备注 |
| 1 | 0438008 | 204380080 | 密集书库/ [索取号:T-651/76] | 在馆 |